000 00490nam a2200169Ia 4500
999 _c35864
_d35864
003 OSt
005 20201218141519.0
008 190216s9999||||xx |||||||||||||| ||und||
040 _coclc
082 _a954.003
_bSAC/I
100 _aSachdeva, S K
_96259
245 0 _aIndia 1987 Annual Review /
_cS K Sachdeva
260 _bCompetition Review Pvt Ltd,
_c1986.
_aNew Delhi:
300 _a308p
650 _aHistory
942 _cREF
_2ddc
_h954.003
_iSAC/I
_k954.003
_mSAC/I